[Event "Wroclaw op"]
[Site "Wroclaw"]
[Date "2019.08.11"]
[Round "9"]
[White "Snihur, Piotr"]
[Black "Krawiecki, Stanislaw"]
[Result "1/2-1/2"]
[WhiteElo "2256"]
[BlackElo "1923"]
[PlyCount "89"]
[EventDate "2019.08.05"]
[EventType "swiss"]
[EventRounds "9"]
[EventCountry "POL"]
[SourceTitle "CBM 191 Extra"]
[Source "ChessBase"]
[SourceDate "2019.09.30"]
[SourceVersion "1"]
[SourceVersionDate "2019.09.30"]
[SourceQuality "1"]

1. d4 Nf6 2. c4 g6 3. f3 d5 4. cxd5 Nxd5 5. e4 Nb6 6. Nc3 Bg7 7. Be3 0-0 8. Qd2 Nc6 9. 0-0-0 f5 10. e5 Nb4 11. Nh3 Be6 12. b3 N4d5 13. Nf4 Nxf4 14. Bxf4 Nd5 15. h4 h5 16. Nxd5 Bxd5 17. Be2 a5 18. Rhg1 a4 19. b4 a3 20. Kb1 c6 21. Ka1 Qb6 22. Bg5 Rfe8 23. Qc3 e6 24. g4 Ra4 25. Rb1 hxg4 26. fxg4 Be4 27. Bd3 Bxd3 28. Qxd3 Rxb4 29. Rxb4 Qxb4 30. Rb1 Qa5 31. gxf5 exf5 32. Qc4+ Kh7 33. Bf6 Bxf6 34. exf6 Qd5 35. Rxb7+ Kh8 36. Qc3 Re2 37. Rb8+ Kh7 38. Rb7+ Kh8 39. Rb8+ Kh7 40. Rb7+ Kg8 41. f7+ Kg7 42. f8Q+ Kxf8 43. Qxa3+ c5 44. Qxc5+ Qxc5 45. dxc5 1/2-1/2

[Event "Wroclaw op"]
[Site "Wroclaw"]
[Date "2019.08.06"]
[Round "3"]
[White "Krawiecki, Stanislaw"]
[Black "Wieczorek, Zbigniew"]
[Result "1/2-1/2"]
[WhiteElo "1923"]
[BlackElo "2235"]
[PlyCount "36"]
[EventDate "2019.08.05"]
[EventType "swiss"]
[EventRounds "9"]
[EventCountry "POL"]
[SourceTitle "CBM 191 Extra"]
[Source "ChessBase"]
[SourceDate "2019.09.30"]
[SourceVersion "1"]
[SourceVersionDate "2019.09.30"]
[SourceQuality "1"]

1. d4 g6 2. Bg5 Bg7 3. e3 c5 4. c3 Qb6 5. Qc2 d6 6. Bd3 Nc6 7. f4 Nf6 8. Bxf6 Bxf6 9. Nf3 cxd4 10. exd4 Bg4 11. Nbd2 Rc8 12. Qb3 Qc7 13. 0-0 0-0 14. h3 Be6 15. Qd1 Qb6 16. Ne4 Bg7 17. Qe2 Bf5 18. Kh1 Qc7 1/2-1/2

[Event "POL-ch U16"]
[Site "Szczyrk"]
[Date "2013.??.??"]
[Round "7"]
[White "Rosicki, Marcin"]
[Black "Krawiecki, Stanislaw"]
[Result "0-1"]
[WhiteElo "1722"]
[BlackElo "1632"]
[PlyCount "174"]
[EventDate "2013.03.17"]
[EventType "swiss"]
[EventRounds "9"]
[EventCountry "POL"]
[SourceTitle "CBM 153 Extra"]
[Source "ChessBase"]
[SourceDate "2013.04.22"]
[SourceVersion "1"]
[SourceVersionDate "2013.04.22"]
[SourceQuality "1"]

1. a3 Nf6 2. c4 g6 3. Nc3 Bg7 4. g3 0-0 5. Bg2 d6 6. Nf3 c5 7. 0-0 Nc6 8. Rb1 Bf5 9. d3 Qd7 10. Bd2 Bh3 11. b4 Bxg2 12. Kxg2 Ng4 13. Qc1 b6 14. h3 Nge5 15. Nxe5 Nxe5 16. Bh6 e6 17. Bxg7 Kxg7 18. Qb2 f6 19. bxc5 dxc5 20. Ne4 Qc6 21. f3 Nd7 22. Kh2 Kg8 23. Qb5 Qxb5 24. Rxb5 Ne5 25. Rfb1 Nc6 26. a4 f5 27. Nc3 Rab8 28. R5b2 Nb4 29. a5 bxa5 30. Ra1 Nc6 31. Rb5 Nd4 32. Rxb8 Rxb8 33. Rxa5 Rb2 34. Rxa7 Nxe2 35. Nxe2 Rxe2+ 36. Kg1 Rd2 37. Rc7 Rxd3 38. Kf2 Rc3 39. Rxc5 Kf7 40. Rc7+ Kf6 41. f4 h6 42. h4 g5 43. hxg5+ hxg5 44. c5 g4 45. c6 e5 46. Rc8 exf4 47. gxf4 Ke7 48. c7 Rc5 49. Ke3 Kd7 50. Rd8+ Kxc7 51. Rd3 Kc6 52. Kf2 Kb5 53. Kg3 Kb4 54. Rd4+ Rc4 55. Rd5 Rc5 56. Rd4+ Kb3 57. Kh4 Rc4 58. Rd3+ Kc2 59. Rd5 Rxf4 60. Kg5 Rf3 61. Kh4 g3 62. Kh3 f4 63. Kg2 Rf2+ 64. Kg1 f3 65. Rg5 Rg2+ 66. Kf1 Kd2 67. Rd5+ Ke3 68. Re5+ Kf4 69. Re8 Rc2 70. Rf8+ Ke3 71. Re8+ Kd2 72. Rd8+ Kc1 73. Rg8 g2+ 74. Kg1 Kd1 75. Rf8 Ke2 76. Re8+ Kd3 77. Rd8+ Ke4 78. Re8+ Kd5 79. Rd8+ Ke6 80. Rd1 Kf5 81. Ra1 Kf4 82. Kh2 Rd2 83. Ra4+ Ke3 84. Ra3+ Kf2 85. Ra1 Re2 86. Rb1 Re1 87. Rb2+ Kf1 0-1

[Event "Warsaw-ch opB 64th"]
[Site "Warsaw"]
[Date "2011.05.08"]
[Round "2"]
[White "Kaczmarczyk, Marcin"]
[Black "Krawiecki, Stanislaw"]
[Result "0-1"]
[WhiteElo "1738"]
[BlackElo "1538"]
[PlyCount "114"]
[EventDate "2011.05.07"]
[EventType "swiss"]
[EventRounds "9"]
[EventCountry "POL"]
[SourceTitle "EXT 2012"]
[Source "ChessBase"]
[SourceDate "2011.11.24"]
[SourceVersion "1"]
[SourceVersionDate "2011.11.24"]
[SourceQuality "1"]

1. Nf3 d5 2. c4 d4 3. b4 c5 4. bxc5 Nc6 5. d3 e5 6. g3 Bxc5 7. Bg2 Nf6 8. 0-0 0-0 9. Nbd2 Re8 10. Ng5 h6 11. Nge4 Nxe4 12. Nxe4 Bf8 13. a4 b6 14. Ba3 Bxa3 15. Rxa3 Bb7 16. c5 Na5 17. cxb6 f5 18. Nd2 Bxg2 19. Kxg2 Qxb6 20. Qb1 Qc6+ 21. Kg1 Rab8 22. Qa2+ Qe6 23. Rc1 Qxa2 24. Rxa2 Rec8 25. Rxc8+ Rxc8 26. Rb2 Kf7 27. Rb5 Nc6 28. Nc4 Kf6 29. Rc5 Ne7 30. Nxe5 Rxc5 31. Nd7+ Ke6 32. Nxc5+ Kd5 33. Nb3 Ng6 34. f4 Nf8 35. Kf2 Ne6 36. e3 dxe3+ 37. Kxe3 Nc5 38. Nxc5 Kxc5 39. a5 h5 40. a6 Kb5 41. Kd4 Kxa6 42. Ke5 Kb6 43. d4 Kc7 44. Kxf5 Kd6 45. Ke4 a5 46. Kd3 Kd5 47. Kc3 a4 48. Kb4 Kxd4 49. Kxa4 Ke3 50. Kb4 Kf3 51. Kc4 Kg2 52. Kd4 Kxh2 53. Ke5 Kxg3 54. Kf5 h4 55. Kg5 h3 56. f5 h2 57. Kg6 Kf4 0-1

[Event "Podlaskie-ch U15 17th"]
[Site "Suwalki"]
[Date "2011.04.18"]
[Round "7"]
[White "Tomaszewski, Kacper"]
[Black "Krawiecki, Stanislaw"]
[Result "1-0"]
[WhiteElo "1775"]
[BlackElo "1520"]
[PlyCount "27"]
[EventDate "2011.04.14"]
[EventType "swiss"]
[EventRounds "10"]
[EventCountry "POL"]
[SourceTitle "EXT 2012"]
[Source "ChessBase"]
[SourceDate "2011.11.24"]
[SourceVersion "1"]
[SourceVersionDate "2011.11.24"]
[SourceQuality "1"]

1. d4 Nf6 2. c4 e5 3. dxe5 Ng4 4. e4 Nxe5 5. f4 Ng6 6. Be3 Bb4+ 7. Nc3 0-0 8. Nf3 Re8 9. Bd3 f5 10. c5 d5 11. cxd6 Qxd6 12. e5 Qc6 13. Qb3+ Be6 14. Qxb4 1-0

[Event "Lazy op-B 6th"]
[Site "Lazy"]
[Date "2010.07.02"]
[Round "8"]
[White "Kindler, Przemyslaw"]
[Black "Krawiecki, Stanislaw"]
[Result "0-1"]
[WhiteElo "1630"]
[BlackElo "1469"]
[PlyCount "128"]
[EventDate "2010.06.27"]
[EventType "swiss"]
[EventRounds "9"]
[EventCountry "POL"]
[SourceTitle "EXT 2011"]
[Source "ChessBase"]
[SourceDate "2010.11.26"]
[SourceVersion "1"]
[SourceVersionDate "2010.11.26"]
[SourceQuality "1"]

1. e4 Nf6 2. Nc3 e5 3. Nf3 Nc6 4. Bc4 Nxe4 5. Bxf7+ Kxf7 6. Nxe4 Be7 7. d3 Rf8 8. Nfg5+ Kg8 9. Qh5 h6 10. Nh3 Qe8 11. Qd1 d5 12. Ng3 Bxh3 13. gxh3 Nd4 14. 0-0 Qc6 15. Qg4 Rf6 16. c3 Nf3+ 17. Kh1 Raf8 18. Bxh6 Rxh6 19. Nf5 Rxf5 20. Qxf5 Rf6 21. Qc8+ Rf8 22. Qg4 Bc5 23. Qg3 Nd2 24. Rg1 d4+ 25. Rg2 Qf6 26. c4 Bd6 27. Qg4 Nf3 28. Rf1 Nh4 29. Rgg1 Qf3+ 30. Qxf3 Nxf3 31. Rg4 e4 32. Rxe4 Nd2 33. Ree1 Nxf1 34. Rxf1 Rf3 35. Kg2 Rxd3 36. Rc1 Bf4 37. Rb1 Rd2 38. Kg1 d3 39. Kg2 Rc2 40. Kf3 Bh6 41. Rd1 d2 42. Ke2 Rc1 43. b3 Rxd1 44. Kxd1 Kf7 45. h4 Ke6 46. b4 Ke5 47. a4 Kd4 48. c5 Kc4 49. f4 Bxf4 50. h3 Kxb4 51. c6 bxc6 52. h5 c5 53. h6 Bxh6 54. h4 c4 55. h5 c3 56. a5 Kb3 57. Ke2 c2 58. Kd3 d1Q+ 59. Ke4 c1Q 60. Kf5 Qg5+ 61. Ke6 Qd6+ 62. Kf7 Qge7+ 63. Kg8 g6 64. a6 Qdd8# 0-1

[Event "Chylice Marzanna"]
[Site "Chylice"]
[Date "2010.02.20"]
[Round "6.5"]
[White "Krawiecki, Stanislaw"]
[Black "Rozycki, Bartlomiej"]
[Result "0-1"]
[WhiteElo "1392"]
[BlackElo "1740"]
[PlyCount "22"]
[EventDate "2010.02.19"]
[EventType "tourn"]
[EventRounds "9"]
[EventCountry "POL"]
[SourceTitle "EXT 2023"]
[Source "ChessBase"]
[SourceDate "2022.10.05"]
[SourceVersion "1"]
[SourceVersionDate "2022.10.05"]
[SourceQuality "1"]

1. e4 e5 2. Nf3 Nc6 3. Bc4 Nf6 4. Ng5 Bc5 5. Nxf7 Bxf2+ 6. Kf1 Qe7 7. Nxh8 d5 8. exd5 Nd4 9. h3 Ne4 10. c3 Qf6 11. cxd4 Ng3# 0-1

[Event "Chylice Marzanna"]
[Site "Chylice"]
[Date "2010.02.20"]
[Round "3.2"]
[White "Krawiecki, Stanislaw"]
[Black "Winiarski, Mikolaj"]
[Result "1-0"]
[WhiteElo "1392"]
[BlackElo "1725"]
[PlyCount "35"]
[EventDate "2010.02.19"]
[EventType "tourn"]
[EventRounds "9"]
[EventCountry "POL"]
[SourceTitle "EXT 2023"]
[Source "ChessBase"]
[SourceDate "2022.10.05"]
[SourceVersion "1"]
[SourceVersionDate "2022.10.05"]
[SourceQuality "1"]

1. e4 c5 2. Nf3 Nc6 3. d4 cxd4 4. Nxd4 Nf6 5. Nc3 e6 6. Ndb5 Bb4 7. a3 Bxc3+ 8. Nxc3 d5 9. exd5 exd5 10. Bd3 0-0 11. 0-0 d4 12. Ne4 Re8 13. Bg5 Kh8 14. Nxf6 gxf6 15. Qh5 Kg8 16. Qxh7+ Kf8 17. Qh6+ Ke7 18. Bxf6+ 1-0

[Event "Szachylice op"]
[Site "Szachylice"]
[Date "2010.01.01"]
[Round "7.6"]
[White "Duniec, Mateusz"]
[Black "Krawiecki, Stanislaw"]
[Result "1-0"]
[WhiteElo "1600"]
[BlackElo "1392"]
[PlyCount "101"]
[EventDate "2009.12.27"]
[EventType "swiss"]
[EventRounds "9"]
[EventCountry "POL"]
[SourceTitle "EXT 2023"]
[Source "ChessBase"]
[SourceDate "2022.10.05"]
[SourceVersion "1"]
[SourceVersionDate "2022.10.05"]
[SourceQuality "1"]

1. e4 c5 2. d4 e6 3. Nf3 Nf6 4. Bd3 cxd4 5. e5 Nd5 6. 0-0 Nc6 7. Bc4 Nb6 8. Bb3 Qc7 9. Nxd4 Nxe5 10. Bf4 d6 11. Nc3 a6 12. Re1 Nec4 13. Qe2 e5 14. Bxc4 Nxc4 15. Nf3 Be7 16. Nd5 Qc5 17. Nxe7 Kxe7 18. b3 Nb6 19. c4 Bg4 20. h3 Bxf3 21. Qxf3 Qc7 22. c5 Qxc5 23. Rac1 Qd5 24. Qg3 Kd7 25. Red1 exf4 26. Qg4+ Qe6 27. Qxf4 Rac8 28. Rxd6+ Qxd6 29. Qxf7+ Qe7 30. Rd1+ Nd5 31. Rxd5+ Kc6 32. Qxe7 Kxd5 33. Qxb7+ Kc5 34. Qxa6 Ra8 35. Qc4+ Kb6 36. a4 g6 37. Qb5+ Kc7 38. b4 Rhb8 39. Qc5+ Kd8 40. a5 Rc8 41. Qd6+ Ke8 42. a6 Kf7 43. b5 Rd8 44. Qc7+ Kg8 45. b6 Rdc8 46. b7 Rxc7 47. bxa8Q+ Kg7 48. a7 h5 49. Qb8 Rc1+ 50. Kh2 g5 51. Qb2+ 1-0

[Event "Szachylice op"]
[Site "Szachylice"]
[Date "2009.12.28"]
[Round "3.6"]
[White "Krawiecki, Stanislaw"]
[Black "Rozycki, Bartlomiej"]
[Result "1-0"]
[WhiteElo "1392"]
[BlackElo "1740"]
[PlyCount "65"]
[EventDate "2009.12.27"]
[EventType "swiss"]
[EventRounds "9"]
[EventCountry "POL"]
[SourceTitle "EXT 2023"]
[Source "ChessBase"]
[SourceDate "2022.10.05"]
[SourceVersion "1"]
[SourceVersionDate "2022.10.05"]
[SourceQuality "1"]

1. e4 e5 2. Nf3 Nc6 3. Bc4 Nf6 4. Ng5 Bc5 5. 0-0 0-0 6. d3 Na5 7. Bb3 Nxb3 8. axb3 c6 9. Kh1 d5 10. exd5 cxd5 11. Be3 Bxe3 12. fxe3 Ng4 13. h3 Nxe3 14. Qh5 h6 15. Nxf7 Qe7 16. Nxh6+ gxh6 17. Rxf8+ Qxf8 18. Qg6+ Kh8 19. Nd2 Bf5 20. Qg3 d4 21. Qxe5+ Qg7 22. Qxg7+ Kxg7 23. Rc1 Rc8 24. Nc4 Nxc4 25. bxc4 a5 26. Re1 Kf6 27. Rf1 h5 28. g4 hxg4 29. hxg4 Rc5 30. Rxf5+ Rxf5 31. gxf5 Kxf5 32. Kg2 b6 33. Kg3 1-0